Statistics for Do You Have A Good Memory?

Click here to take the quiz!

General Stats

  • This quiz has been taken 4,109 times
  • The average score is 47 of 78

Answer Stats

HintAnswer% Correct
11
99%
141
98%
Remember!4
96%
1481
80%
14821
75%
Remember!4
73%
148231
72%
Remember!4
71%
1482321
70%
Remember!2
70%
Remember!8
70%
Remember!4
69%
Remember!4
69%
Remember!8
69%
Remember!2
68%
Remember!8
68%
14823271
67%
Remember!2
67%
Remember!3
67%
Remember!4
67%
Remember!3
66%
Remember!8
66%
148232791
65%
Remember!2
65%
Remember!2
65%
Remember!2
65%
Remember!3
65%
Remember!8
65%
Remember!2
64%
Remember!4
64%
Remember!7
64%
Remember!8
64%
Remember!3
63%
1482327941
62%
Remember!2
62%
Remember!7
62%
Remember!4
61%
Remember!2
60%
Remember!2
60%
Remember!3
60%
Remember!8
60%
14823279451
58%
Remember!7
58%
Remember!9
57%
Remember!2
56%
Remember!2
56%
Remember!4
56%
Remember!9
56%
Remember!3
55%
Remember!8
55%
148232794591
54%
Remember!7
54%
Remember!2
53%
Remember!3
53%
Remember!4
53%
Remember!2
52%
Remember!4
52%
Remember!8
52%
Remember!9
52%
Remember!7
51%
1482327945961
49%
Remember!4
49%
Remember!4
49%
Remember!2
48%
Remember!2
48%
Remember!3
48%
Remember!8
48%
Remember!9
48%
Remember!4
47%
Remember!5
47%
Remember!5
46%
Remember!7
46%
Remember!4
45%
Remember!9
45%
Remember!5
43%
Remember!9
40%
Remember!9
37%
Remember!6
34%

Score Distribution

Percentile by Number Answered

Percent of People with Each Score

Your Score History

You have not taken this quiz